| 000 | 00392nam a22001577a 4500 | ||
|---|---|---|---|
| 005 | 20170919160520.0 | ||
| 008 | 170919b xxu||||| |||| 00| 0 eng d | ||
| 020 | _a978-81-318-0241-0 | ||
| 041 | _aeng | ||
| 082 | _a624.183 41 | ||
| 100 |
_aPunmia,Dr B C & Others _93950 |
||
| 245 | _aLimit State Design (Reinforced Concrete) | ||
| 260 | _bLaxmi Publications | ||
| 300 | _a936 | ||
| 942 | _cBK | ||
| 999 |
_c5594 _d5592 |
||